00526 2200193 4500001002100000005001700021008004100038020002200079035002400101082001000125084002000135100001800155245003900173260003100212300002400243650003100267850001200298990002200310INLIS00000000002308820161004150618.0 ind  a978-979-29-2220-2 0010-101600000000040 a372.6 aDep 372.6 Des P aDESSY DANARTI aPintar Menulis A-2 / Dessy Danarti aYogyakartabG. Mediac2011 a59 hlmbilusc28 cm aMenulis (Pendidikan Dasar) aYOPDYOG aCB-D.11/2011-2229